Catálogo público

Evaluación de modelos no lineales para el ajuste de las curvas de crecimiento de corderos / (Record no. 169132)

MARC details
000 -CABECERA
campo de control de longitud fija 00859nam a2200277Ia 4500
001 - NÚMERO DE CONTROL
campo de control Z_5924
003 - IDENTIFICADOR DEL NÚMERO DE CONTROL
campo de control CHAP
005 - FECHA Y HORA DE LA ÚLTIMA TRANSACCIÓN
campo de control 20221010120947.0
008 - DATOS DE LONGITUD FIJA--INFORMACIÓN GENERAL
campo de control de longitud fija 220113s9999 xx 000 0 und d
010 ## - NÚMERO DE CONTROL DE LA BIBLIOTECA DEL CONGRESO
Número de control de LC 169132
040 ## - FUENTE DE LA CATALOGACIÓN
Centro/agencia transcriptor CHAP
090 ## - LOCALMENTE ASIGNADO TIPO-LC NÚMERO DE CLASIFICACIÓN (OCLC); NÚMERO DE CLASIFICACIÓN LOCAL (RLIN)
Número de clasificación (OCLC) (R) ; Numero de clasificación, CALL (RLIN) (NR) Tesis M 2178
100 ## - ENTRADA PRINCIPAL--NOMBRE DE PERSONA
Nombre de persona Maldonado Barrera,Anay.
9 (RLIN) 70079
245 ## - MENCIÓN DE TÍTULO
Título Evaluación de modelos no lineales para el ajuste de las curvas de crecimiento de corderos /
Mención de responsabilidad, etc. por Anay Maldonado Barrera.
260 ## - PUBLICACIÓN, DISTRIBUCIÓN, ETC.
Lugar de publicación, distribución, etc. Chapingo,Méx. :
Nombre del editor, distribuidor, etc. El autor.2010.,
Fecha de publicación, distribución, etc.
300 ## - DESCRIPCIÓN FÍSICA
Extensión 63 h.
502 ## - NOTA DE TESIS
Nota de tesis Tesis(Ing. Agr. Esp. en Zootecnia).--UACH.Departamento de Zootecnia.
650 ## - PUNTO DE ACCESO ADICIONAL DE MATERIA--TÉRMINO DE MATERIA
Término de materia o nombre geográfico como elemento de entrada Curvas de Crecimiento
9 (RLIN) 143477
650 ## - PUNTO DE ACCESO ADICIONAL DE MATERIA--TÉRMINO DE MATERIA
Término de materia o nombre geográfico como elemento de entrada Ganado Ovino
Subdivisión general carne
9 (RLIN) 143478
650 ## - PUNTO DE ACCESO ADICIONAL DE MATERIA--TÉRMINO DE MATERIA
Término de materia o nombre geográfico como elemento de entrada Modelos no lineales
9 (RLIN) 143479
901 ## - ELEMENTOS DE DATOS A LOCAL LDA (RLIN)
a TESIS M 2178
902 ## - ELEMENTOS DE DATOS B LOCAL, LDB (RLIN)
a A
910 ## - DATOS DE OPCIÓN DEL USUARIO (OCLC)
Datos de opción del usuario
942 ## - ELEMENTOS DE PUNTO DE ACCESO ADICIONAL (KOHA)
Tipo de ítem Koha Tesis
Fuente del sistema de clasificación o colocación Clasificación Universidad Autónoma de Chapingo
942 ## - ELEMENTOS DE PUNTO DE ACCESO ADICIONAL (KOHA)
Tipo de ítem Koha Tesis
Fuente del sistema de clasificación o colocación Clasificación Universidad Autónoma de Chapingo
Holdings
Estado de retiro Estado de pérdida Estado dañado No para préstamo Código de colección Localización permanente Ubicación/localización actual Ubicación en estantería Fecha de adquisición Información codificada de la localización en otra ubicación Total de préstamos Código de barras Fecha visto por última vez Número de copia Precio válido a partir de Tipo de ítem Koha Nota pública
        Tesis Zootecnia Zootecnia   31/05/2010 2   z_T 3782 18/01/2022 1 18/01/2022 Tesis 3
        Tesis Zootecnia Zootecnia   31/05/2010 2   z_T 3783 18/01/2022 2 18/01/2022 Tesis 3